Nancy Clancy: Secret of the silver key / (Record no. 50131)
| 000 -LEADER | |
|---|---|
| fixed length control field | 01113nam a2200157 4500 |
| 016 ## - NATIONAL BIBLIOGRAPHIC AGENCY CONTROL NUMBER | |
| Record control number | 017396834 |
| Source | Uk |
| 020 ## - INTERNATIONAL STANDARD BOOK NUMBER | |
| International Standard Book Number | 9780062084224 (pbk.) : |
| Terms of availability | £4.99 |
| 100 ## - MAIN ENTRY--PERSONAL NAME | |
| Personal name | O'Connor, Jane, |
| Relator term | author. |
| 9 (RLIN) | 15415 |
| 245 10 - TITLE STATEMENT | |
| Title | Nancy Clancy: Secret of the silver key / |
| Statement of responsibility, etc | Jane O'Connor ; illustrated by Robin Preiss Glasser. |
| 260 ## - PUBLICATION, DISTRIBUTION, ETC. (IMPRINT) | |
| Name of publisher, distributor, etc | HarperCollins: |
| Date of publication, distribution, etc | May 5, 2015. |
| 300 ## - PHYSICAL DESCRIPTION | |
| Extent | 121 pages : |
| Other physical details | illustrations ; |
| Dimensions | 20 cm. |
| 490 ## - SERIES STATEMENT | |
| Series statement | Nancy Clancy Chapter Books series: |
| Volume number/sequential designation | 4 |
| 520 ## - SUMMARY, ETC. | |
| Summary, etc | Nancy and Bree set out to unlock the secret of the silver key in the hopes of finding some treasure along the way. But solving the mystery soon proves to be more difficult than they had thought, and when the answer isn’t what they expect, Nancy and Bree learn there are some things that remain timeless forever.<br/>Fans of Fancy Nancy will love joining Nancy Clancy in the latest edition to the chapter book series. The central theme of all the Nancy Clancy books shines through, showing the power of positive thinking and the will to never give up. |
| 600 00 - SUBJECT ADDED ENTRY--PERSONAL NAME | |
| Personal name | Fancy Nancy |
| Titles and other words associated with a name | (Fictitious character) |
| Form subdivision | Juvenile fiction. |
| 9 (RLIN) | 87148 |
| 942 ## - ADDED ENTRY ELEMENTS (KOHA) | |
| Source of classification or shelving scheme | |
| Koha item type | Book |
| Withdrawn status | Lost status | Source of classification or shelving scheme | Damaged status | Not for loan | Home library | Current library | Date acquired | Total Checkouts | Full call number | Barcode | Date last seen | Date checked out | Price effective from | Koha item type |
|---|---|---|---|---|---|---|---|---|---|---|---|---|---|---|
| Logos International School | Logos International School | 01/29/2026 | 1 | CB FIC OCO | 040844 | 02/23/2026 | 02/09/2026 | 01/29/2026 | Book |